MARC details
| 000 -CABECERA |
| campo de control de longitud fija |
00963cam a2200253 a 4500 |
| 001 - NÚMERO DE CONTROL |
| campo de control |
000008813 |
| 005 - FECHA Y HORA DE LA ÚLTIMA TRANSACCIÓN |
| campo de control |
20240422104514.0 |
| 008 - DATOS DE LONGITUD FIJA--INFORMACIÓN GENERAL |
| campo de control de longitud fija |
740208s1970 pr 000 f spa d |
| 035 ## - NÚMERO DE CONTROL DEL SISTEMA |
| Número de control de sistema |
(OCoLC)794354 |
| 040 ## - FUENTE DE LA CATALOGACIÓN |
| Centro catalogador/agencia de origen |
DO-SdBNP |
| Centro/agencia transcriptor |
OU |
| Centro/agencia modificador |
OCoLC |
| -- |
BNPHU |
| 082 ## - NÚMERO DE LA CLASIFICACIÓN DECIMAL DEWEY |
| Número de clasificación |
Ch863.4 |
| Número de documento/Ítem |
B142f |
| 049 ## - FONDOS LOCALES (OCLC) |
| Fondos de biblioteca |
BNGR |
| 100 1# - ENTRADA PRINCIPAL--NOMBRE DE PERSONA |
| Nombre de persona |
Baeza Flores, Alberto, |
| Fechas asociadas al nombre |
1914-1998 |
| 9 (RLIN) |
7565 |
| 245 13 - MENCIÓN DE TÍTULO |
| Título |
La frontera del adiós : |
| Resto del título |
novela del exilio / |
| Mención de responsabilidad, etc. |
Alberto Baeza Flores ; prólogo de Luis Alberto Sánchez. |
| 260 ## - PUBLICACIÓN, DISTRIBUCIÓN, ETC. |
| Lugar de publicación, distribución, etc. |
San Juan, Puerto Rico : |
| Nombre del editor, distribuidor, etc. |
San Juan ; |
| Lugar de publicación, distribución, etc. |
San José, Costa Rica : |
| Nombre del editor, distribuidor, etc. |
Época y Ser, |
| Fecha de publicación, distribución, etc. |
1970. |
| Lugar de fabricación/manufactura |
(Barcelona : |
| Fabricante |
Artes Gráficas Medinaceli) |
| 300 ## - DESCRIPCIÓN FÍSICA |
| Extensión |
322 p. ; |
| Dimensiones |
22 cm. |
| 490 1# - MENCIÓN DE SERIE |
| Mención de serie |
Novelistas de América Latina. Tiempo de hora |
| 650 #4 - PUNTO DE ACCESO ADICIONAL DE MATERIA--TÉRMINO DE MATERIA |
| Término de materia o nombre geográfico como elemento de entrada |
Novela chilena |
| 9 (RLIN) |
3163 |
| 650 #4 - PUNTO DE ACCESO ADICIONAL DE MATERIA--TÉRMINO DE MATERIA |
| Término de materia o nombre geográfico como elemento de entrada |
Literatura chilena |
| 9 (RLIN) |
3164 |
| 700 1# - PUNTO DE ACCESO ADICIONAL--NOMBRE DE PERSONA |
| Nombre de persona |
Sánchez, Luis Alberto, |
| Término indicativo de función/relación |
pról. |
| 9 (RLIN) |
23357 |
| 830 #0 - PUNTO DE ACCESO ADICIONAL DE SERIE-TÍTULO UNIFORME |
| Título uniforme |
Novelistas de América Latina. |
| Nombre de parte o sección de la obra |
Tiempo de hora |
| 9 (RLIN) |
23358 |
| 910 ## - DATOS DE OPCIÓN DEL USUARIO (OCLC) |
| Datos de opción del usuario |
Catalogación por copia / LC |
| 910 ## - DATOS DE OPCIÓN DEL USUARIO (OCLC) |
| Datos de opción del usuario |
WM |